<?xml version="1.0" encoding="UTF-8"?>
<collection xmlns="http://www.loc.gov/MARC21/slim">
<record>
  <controlfield tag="001">108657</controlfield>
  <controlfield tag="005">20211216104751.0</controlfield>
  <datafield tag="037" ind1=" " ind2=" ">
    <subfield code="a">TAZ-TFM-2021-515</subfield>
  </datafield>
  <datafield tag="041" ind1=" " ind2=" ">
    <subfield code="a">spa</subfield>
  </datafield>
  <datafield tag="100" ind1="1" ind2=" ">
    <subfield code="a">González Bravo, Laura Elena</subfield>
  </datafield>
  <datafield tag="242" ind1="0" ind2="0">
    <subfield code="a">The Weyl-Wigner transform in Molecular Physics</subfield>
  </datafield>
  <datafield tag="245" ind1="0" ind2="0">
    <subfield code="a">La transformada de Weyl-Wigner en Física Molecular</subfield>
  </datafield>
  <datafield tag="260" ind1=" " ind2=" ">
    <subfield code="a">Zaragoza</subfield>
    <subfield code="b">Universidad de Zaragoza</subfield>
    <subfield code="c">2021</subfield>
  </datafield>
  <datafield tag="506" ind1=" " ind2=" ">
    <subfield code="a">by-nc-sa</subfield>
    <subfield code="b">Creative Commons</subfield>
    <subfield code="c">3.0</subfield>
    <subfield code="u">http://creativecommons.org/licenses/by-nc-sa/3.0/</subfield>
  </datafield>
  <datafield tag="520" ind1=" " ind2=" ">
    <subfield code="a">La transformada de Wigner-Weyl permite definir una relación entre las funciones definidas sobre un espacio de fases clásico y el conjunto de operadores diferenciales definidos sobre un espacio de Hilbert en la formulación de Schrödinger de la Mecánica Cuántica. Esta transformada tiene diversas aplicaciones en distintos campos de la física. En particular, en este trabajo, estamos interesados en sus aplicaciones a sistemas moleculares. En estos modelos moleculares es frecuente emplear la aproximación semi-clásica para los estados correspondientes a las partículas más pesadas mientras que los estados correspondientes a las partículas más livianas se mantienen como estados cuánticos. De esta forma, el modelo resultante es un modelo híbrido clásico-cuántico. Si a los estados correspondientes a los elementos de este tipo de sistemas híbridos se les da un tratamiento en término de las funciones de Wigner se puede obtener una representación de estos sistemas en el espacio de fase. La representación de estos sistemas en términos del espacio de fase, esto es, la obtención de las funciones de Wigner híbridas, en conjunto con la caracterización semi-clásica de estas funciones para aquellos grados de libertad modelados como clásicos nos ha permitido obtener una caracterización analítica de las probabilidades asociadas a la medición híbrida. Además, mediante la representación gráfica de los dos primeros órdenes en la expansión asintótica de la función de Wigner semi-clásica hemos podido observar que ya a primer orden en la aproximación semi-clásica tenemos contribuciones cuánticas. Esta primera corrección está determinada analíticamente y su implementación al modelo propuesto por \cite{1} podría proporcionar una descripción más aproximada del sistema estadístico híbrido. Cabe destacar que la obtención de términos adicionales en la expansión podrían permitir mejores correcciones al modelo y consecuentemente también podrían proporcionar correcciones cuánticas importantes a una ecuación generalizada de von Neumann.&lt;br />&lt;br /></subfield>
  </datafield>
  <datafield tag="521" ind1=" " ind2=" ">
    <subfield code="a">Máster Universitario en Física y Tecnologías Físicas</subfield>
  </datafield>
  <datafield tag="540" ind1=" " ind2=" ">
    <subfield code="a">Derechos regulados por licencia Creative Commons</subfield>
  </datafield>
  <datafield tag="700" ind1=" " ind2=" ">
    <subfield code="a">Clemente Gallardo, Jesús</subfield>
    <subfield code="e">dir.</subfield>
  </datafield>
  <datafield tag="710" ind1="2" ind2=" ">
    <subfield code="a">Universidad de Zaragoza</subfield>
    <subfield code="b">Física Teórica</subfield>
    <subfield code="c">Física Teórica</subfield>
  </datafield>
  <datafield tag="856" ind1="0" ind2=" ">
    <subfield code="f">822174@unizar.es</subfield>
  </datafield>
  <datafield tag="856" ind1="4" ind2=" ">
    <subfield code="s">3995903</subfield>
    <subfield code="u">http://zaguan.unizar.es/record/108657/files/TAZ-TFM-2021-515.pdf</subfield>
    <subfield code="y">Memoria (spa)</subfield>
  </datafield>
  <datafield tag="856" ind1="4" ind2=" ">
    <subfield code="s">418787</subfield>
    <subfield code="u">http://zaguan.unizar.es/record/108657/files/TAZ-TFM-2021-515_ANE.pdf</subfield>
    <subfield code="y">Anexos (spa)</subfield>
  </datafield>
  <datafield tag="909" ind1="C" ind2="O">
    <subfield code="o">oai:zaguan.unizar.es:108657</subfield>
    <subfield code="p">driver</subfield>
    <subfield code="p">trabajos-fin-master</subfield>
  </datafield>
  <datafield tag="950" ind1=" " ind2=" ">
    <subfield code="a"></subfield>
  </datafield>
  <datafield tag="980" ind1=" " ind2=" ">
    <subfield code="a">TAZ</subfield>
    <subfield code="b">TFM</subfield>
    <subfield code="c">CIEN</subfield>
  </datafield>
  <datafield tag="999" ind1=" " ind2=" ">
    <subfield code="a">20210628122457.CREATION_DATE</subfield>
  </datafield>
  <datafield tag="951" ind1=" " ind2=" ">
    <subfield code="a">deposita:2021-12-16</subfield>
  </datafield>
</record>
</collection>